| 000 | 01093nam a2200301 a 4500 | ||
|---|---|---|---|
| 001 | 33500 | ||
| 003 | BD-RjUL | ||
| 005 | 20211209052023.0 | ||
| 008 | 840210s1979 dcua b 000 0 eng | ||
| 035 | _a(BD-RjUL)33591 | ||
| 040 |
_aDLC _cDLC _dDLC _dBD-RjUL _beng |
||
| 041 | _aeng | ||
| 082 | 0 | 0 |
_a370.954 _219 _bHEI 1979 |
| 100 | 1 |
_aHeyneman, Stephen P. _9108067 |
|
| 245 | 1 | 0 |
_aInvestment in Indian education, uneconomic? / _cPrepared by Stephen P. Heyneman with the assistance of Pamela Cope Mintz. |
| 260 |
_aWashington, D.C., U.S.A. (1818 H St., N.W., Washington 20433) : _bWorld Bank, _cc1979. |
||
| 300 |
_a56, 2 Leaves : _bill. ; _c28 cm. |
||
| 500 | _a"May 1979." | ||
| 504 | _aBibliography: Leaves 18-23. | ||
| 650 | 0 |
_aEducation _xEconomic aspects _zIndia. _916222 |
|
| 650 | 0 |
_aEducation _zIndia _xFinance. _9111339 |
|
| 700 | 1 |
_aMintz, Pamela Cope, Jt. auth. _9111340 |
|
| 830 |
_aWorld Bank staff working paper ; no. 327 _9111342 |
||
| 942 |
_2ddc _cDOC |
||
| 999 |
_c33500 _d33500 |
||